Effective writing: improving scientific, technical and business communication

Bibliographic Details
Main Author: Turk, Christopher
Other Authors: Kirkman, John
Format: Book
Language:English
Published: London : E & FN SPON , 1989
Edition:2nd ed.
Subjects:

MARC

LEADER 00000cam a2200000 7i4500
001 0000025537
005 20140912.0
008 190814 -uka eng
020 |a 0419146601 
040 |a INS 
090 0 0 |a T11   |b T87 1989 
100 1 |a Turk, Christopher 
245 1 0 |a Effective writing: improving scientific, technical and business communication   |c Christopher Turk and John Kirkman 
250 |a 2nd ed. 
260 |a London :   |b E & FN SPON ,   |c 1989 
300 |a 277p. :   |b ill. ;   |c 24cm. 
500 |a Include index 
650 0 |a Technical writing 
700 1 |a Kirkman, John 
999 |a 1000001873   |b BOOK   |c Open Shelf   |e Default branch